Catalog

Record Details

Catalog Search



Připravenost projektu chráněného bydlení na statku ve Vlčkovicích na finanční podporu z programu Operační program Lidské zdroje a zaměstnanost : bakalářská práce Cover Image Book Book

Připravenost projektu chráněného bydlení na statku ve Vlčkovicích na finanční podporu z programu Operační program Lidské zdroje a zaměstnanost : bakalářská práce Jan Počepický ; Vedoucí práce: Mgr. Jana Neudörflová

Record details

  • Physical Description: 47 s.

Content descriptions

Bibliography, etc. Note:
bibliogr. s. 47

Available copies

  • 1 of 1 copy available at Common Catalog SPOK.

Holds

  • 0 current holds with 1 total copy.
Show Only Available Copies
Location Call Number / Copy Notes Barcode Shelving Location Status Due Date
Jabok Library ABP-1298 424480022224 Absolventské práce Reference -

Electronic resources

Version of Resource: Plný text


LDR 00776ntm a22 a 4500
00110279
003CZ-PrJAB
00520210225065225.0
008081118s2007 xr e |||| |cze
009cz
035 . ‡a(CONS)10279
035 . ‡aKPS0018440
0410 . ‡acze
10011. ‡713486 ‡aPočepický, Jan
110 2. ‡aEvangelická teologická fakulta Univerzity Karlovy
2451 . ‡aPřipravenost projektu chráněného bydlení na statku ve Vlčkovicích na finanční podporu z programu Operační program Lidské zdroje a zaměstnanost : ‡bbakalářská práce ‡cJan Počepický ; Vedoucí práce: Mgr. Jana Neudörflová
260 . ‡aPraha ‡c2007
300 . ‡a47 s.
504 . ‡abibliogr. s. 47
653 . ‡afinancování ‡afundraising ‡achráněné bydlení ‡aVlčkovice
70011. ‡77496 ‡aNeudörflová, Jana
999 . ‡a1298- ‡c1298- ‡i424480022224 ‡tP
85641. ‡uhttps://dspace.cuni.cz/handle/20.500.11956/12721 ‡yPlný text
910 . ‡aABG312
901 . ‡a10279 ‡bCZ-PrJAB ‡c10279 ‡tbiblio

Additional Resources